书目信息 |
| 题名: |
故事发生在天安门城楼
|
|
| 作者: | 董保存 著 | |
| 分册: | ||
| 出版信息: | 郑州 河南人民出版社 1994.01 |
|
| 页数: | 374页 | |
| 开本: | 32开 | |
| 丛书名: | ||
| 单 册: | ||
| 中图分类: | I253.4 | |
| 科图分类: | ||
| 主题词: | 报告文学--中国 , 传记文学--中国 | |
| 电子资源: | ||
| ISBN: | 7-215-01512-2 | |
| 000 | 00597nam0 2200205 45 | |
| 001 | 0005310953 | |
| 005 | 20000531092146.0 | |
| 010 | @a7-215-01512-2@d7.50元 | |
| 100 | @a20000531d1994 km y0chiy0120 ea | |
| 101 | @achi | |
| 105 | @a z 000yy | |
| 200 | 1 | @a故事发生在天安门城楼@AGu Shi Fa Sheng Zai Tian An Men Cheng Lou@f董保存著@FDong Bao Cun Zhu |
| 210 | @a郑州@c河南人民出版社@d1994.01 | |
| 215 | @a374页@d32开 | |
| 606 | 0 | @a报告文学@x中国 |
| 606 | 0 | @a传记文学@x中国 |
| 690 | @aI253.4@v3 | |
| 701 | @a董保存@4著 | |
| 801 | @aCN@bPftUser@c20000531 | |
| 905 | @f3@b57109-111@dI253.4@eD079 | |
| 故事发生在天安门城楼/董保存著.-郑州:河南人民出版社,1994.01 |
| 374页;32开 |
| ISBN 7-215-01512-2:7.50元 |
| ● |
| 相关链接 |
|
|
|
正题名:故事发生在天安门城楼
索取号:I253.4/D079
 
预约/预借
| 序号 | 登录号 | 条形码 | 馆藏地/架位号 | 状态 | 备注 |
| 1 | 57109 | 200571096 | 文学库108/400B社科库 24排3列3层/ [索取号:I253.4/D079] | 在馆 | |
| 2 | 57110 | 200571103 | 社科二线400B/400B社科库 24排2列4层/ [索取号:I253.4/D079] | 在馆 | |
| 3 | 57111 | 200571112 | 文学库108/400B社科库 24排2列4层/ [索取号:I253.4/D079] | 在馆 |